[Event "BCF-chT2 2223 (4NCL)"]
[Site "England"]
[Date "2022.10.22"]
[Round "1.46"]
[White "Burrows, Nick"]
[Black "White, Stuart A"]
[Result "0-1"]
[WhiteElo "2034"]
[BlackElo "2051"]
[PlyCount "122"]
[EventDate "2022.10.22"]
[EventType "team-tourn"]
[EventRounds "11"]
[EventCountry "ENG"]
[SourceTitle "EXT 2024"]
[Source "ChessBase"]
[SourceDate "2023.10.10"]
[SourceVersion "1"]
[SourceVersionDate "2023.10.10"]
[SourceQuality "1"]
[WhiteTeam "Schach Attack"]
[BlackTeam "Alba"]
[WhiteTeamCountry "ENG"]
[BlackTeamCountry "ENG"]

1. d4 Nf6 2. Nf3 d5 3. Bf4 c5 4. e3 Nc6 5. c3 Qb6 6. Qc2 g6 7. Nbd2 Bf5 8. Qb3 c4 9. Qxb6 axb6 10. a3 b5 11. Rc1 Nh5 12. Bc7 Kd7 13. Bg3 Nxg3 14. hxg3 Bg7 15. Nh4 Be6 16. Be2 g5 17. Nhf3 h6 18. 0-0 Bf5 19. Rfe1 Bg6 20. g4 f6 21. Bf1 h5 22. gxh5 Rxh5 23. g4 Rhh8 24. e4 e6 25. Bg2 Ne7 26. Nh2 Bf7 27. Re2 Ng6 28. exd5 exd5 29. Rce1 Bf8 30. Nhf1 Nf4 31. Re3 Nd3 32. Rb1 Bd6 33. Ng3 Bf4 34. Re2 Rae8 35. Ndf1 Rxe2 36. Nxe2 Re8 37. Nfg3 Bg6 38. Nxf4 Nxf4 39. Nf5 Bxf5 40. gxf5 Kc6 41. Bf3 Nd3 42. Kf1 Rh8 43. b3 g4 44. Bg2 Rh5 45. a4 Rxf5 46. Kg1 cxb3 47. axb5+ Kxb5 48. Rxb3+ Kc4 49. Rxb7 Kxc3 50. Ra7 Nxf2 51. Ra4 Ne4 52. Bxe4 dxe4 53. d5 Rxd5 54. Rxe4 f5 55. Rf4 Kd3 56. Kf2 Re5 57. Ra4 Re4 58. Ra3+ Kd4 59. Ra4+ Ke5 60. Ra5+ Kf4 61. Ra3 Rb4 0-1

[Event "Leamington Spa 4NCL op 25th"]
[Site "Leamington Spa"]
[Date "2021.07.11"]
[Round "5"]
[White "Davies, Nigel Rodney"]
[Black "Burrows, Nick"]
[Result "1-0"]
[WhiteElo "2483"]
[BlackElo "1947"]
[PlyCount "41"]
[EventDate "2021.07.09"]
[EventType "swiss"]
[EventRounds "5"]
[EventCountry "ENG"]
[SourceTitle "CBM 203 Extra"]
[Source "ChessBase"]
[SourceDate "2021.09.30"]
[SourceVersion "1"]
[SourceVersionDate "2021.09.30"]
[SourceQuality "1"]

1. d4 e6 2. Nf3 f5 3. e3 Nf6 4. Be2 d5 5. c4 c6 6. 0-0 Bd6 7. b3 Nbd7 8. Ba3 Bxa3 9. Nxa3 Ne4 10. Qc2 Qf6 11. b4 0-0 12. b5 g5 13. bxc6 bxc6 14. Rab1 g4 15. Ne1 Qh4 16. Nd3 Ng5 17. cxd5 Rf6 18. g3 Nh3+ 19. Kg2 Qh5 20. Qxc6 Rh6 21. Rh1 1-0

[Event "Kidlington op 43rd"]
[Site "Kidlington"]
[Date "2020.02.02"]
[Round "5"]
[White "Burrows, Nick"]
[Black "Greet, Andrew"]
[Result "0-1"]
[WhiteElo "182"]
[BlackElo "226"]
[PlyCount "90"]
[EventDate "2020.02.01"]
[EventType "swiss"]
[EventRounds "5"]
[EventCountry "ENG"]
[SourceTitle "EXT 2021"]
[Source "ChessBase"]
[SourceDate "2020.10.23"]
[SourceVersion "1"]
[SourceVersionDate "2020.10.23"]
[SourceQuality "1"]

1. d4 Nf6 2. c4 e6 3. Nc3 Bb4 4. f3 d5 5. a3 Be7 6. e4 dxe4 7. fxe4 e5 8. d5 Bc5 9. Nf3 Bg4 10. Bd3 Nbd7 11. Qe2 c6 12. Be3 0-0 13. 0-0 Qb6 14. Bxc5 Nxc5 15. Kh1 Nb3 16. Rad1 Nd4 17. Qd2 Rae8 18. Be2 Bxf3 19. Bxf3 c5 20. Ne2 Nxe2 21. Qxe2 Re7 22. Rd3 Ne8 23. b3 Nd6 24. Bg4 Qa5 25. a4 a6 26. Qe1 Qxe1 27. Rxe1 g6 28. a5 f5 29. exf5 gxf5 30. Bh3 e4 31. Rd2 Kg7 32. g3 Kf6 33. Bg2 Ke5 34. g4 Kf4 35. gxf5 e3 36. Rde2 Rxf5 37. Bh3 Rfe5 38. Bg2 Nf5 39. Rf1+ Kg5 40. Rxf5+ Rxf5 41. Bh3 Rf6 42. Be6 Kf4 43. Kg2 Rg6+ 44. Kf1 Reg7 45. Ke1 Rg1# 0-1

[Event "Hastings Masters op 95th"]
[Site "Hastings"]
[Date "2020.01.05"]
[Round "9"]
[White "Burrows, Nick"]
[Black "Brown, Thomas"]
[Result "0-1"]
[WhiteElo "1952"]
[BlackElo "2116"]
[PlyCount "98"]
[EventDate "2019.12.28"]
[EventType "swiss"]
[EventRounds "9"]
[EventCountry "ENG"]
[SourceTitle "CBM 194 Extra"]
[Source "ChessBase"]
[SourceDate "2020.03.31"]
[SourceVersion "1"]
[SourceVersionDate "2020.03.31"]
[SourceQuality "1"]

1. b3 d5 2. Bb2 Nf6 3. e3 c5 4. Nf3 Nc6 5. Bb5 e6 6. Ne5 Qc7 7. f4 Bd7 8. Bxc6 Bxc6 9. 0-0 Rd8 10. d3 Bd6 11. Nd2 0-0 12. Nxc6 bxc6 13. Bxf6 gxf6 14. Qh5 Kh8 15. Qh6 Qe7 16. Rae1 Rg8 17. e4 Rg6 18. Qh3 Rdg8 19. g3 Qc7 20. Kh1 Qa5 21. Re2 Qc3 22. Rfe1 Bc7 23. Nf1 Bxf4 24. exd5 cxd5 25. Qh4 Be5 26. Qa4 a5 27. Qd7 R6g7 28. Kg2 Qd4 29. Re3 h5 30. Qe7 Qg4 31. Rf3 h4 32. h3 Qh5 33. g4 Rxg4+ 34. hxg4 Qxg4+ 35. Ng3 Bxg3 36. Qxf6+ Rg7 37. Kf1 Bxe1 38. Kxe1 Qg1+ 39. Ke2 Qg5 40. Qc3 d4 41. Qxa5 Qe5+ 42. Kd2 Rg2+ 43. Kc1 Kg7 44. Qa7 Rxc2+ 45. Kxc2 Qe2+ 46. Kc1 Qxf3 47. Qxc5 Qe3+ 48. Kc2 Qe2+ 49. Kc1 Qe1+ 0-1

[Event "Isle of Man Major op"]
[Site "Isle of Man"]
[Date "2019.10.18"]
[Round "7"]
[White "Burrows, Nick"]
[Black "Ireland, David J"]
[Result "1/2-1/2"]
[WhiteElo "1926"]
[BlackElo "1960"]
[PlyCount "103"]
[EventDate "2019.10.12"]
[EventType "swiss"]
[EventRounds "7"]
[EventCountry "IOM"]
[SourceTitle "CBM 192 Extra"]
[Source "Chessbase"]
[SourceDate "2019.11.06"]
[SourceVersion "1"]
[SourceVersionDate "2019.11.06"]
[SourceQuality "1"]

1. c4 e5 2. Nc3 Nc6 3. Nf3 Nf6 4. e3 d6 5. d4 g6 6. Be2 Bg7 7. dxe5 Nxe5 8. Nxe5 dxe5 9. Qxd8+ Kxd8 10. b3 c6 11. Ba3 Bf8 12. 0-0-0+ Kc7 13. Bb2 Bg7 14. Nb5+ cxb5 15. Bxe5+ Kb6 16. Bxf6 Bxf6 17. Rd6+ Ka5 18. Rxf6 Be6 19. Rd1 Rac8 20. Kb2 bxc4 21. Bxc4 Bxc4 22. bxc4 Rxc4 23. Rd5+ b5 24. Rd7 Rhc8 25. Rxa7+ Kb4 26. a3+ Kc5 27. Rfxf7 Kd5 28. Rfd7+ Ke5 29. Rd2 b4 30. a4 Rc1 31. Rxh7 Rg1 32. g3 Rcc1 33. Kb3 Rc8 34. Rhd7 Rc3+ 35. Kxb4 Rc8 36. Rd1 Rg2 37. R7d2 Rxh2 38. a5 Rh7 39. Rd7 Rh2 40. R1d2 Rh1 41. Rd1 Rh2 42. Rf1 g5 43. a6 Rh6 44. Ra1 Rb6+ 45. Ka5 Rcb8 46. Rd4 Rb5+ 47. Ka4 R5b6 48. f4+ gxf4 49. gxf4+ Ke6 50. Re4+ Kf6 51. Ka5 Rb5+ 52. Ka4 1/2-1/2

[Event "Douglas IoM op-B"]
[Site "Douglas"]
[Date "2018.10.28"]
[Round "7"]
[White "Mai, Alexander Oliver"]
[Black "Burrows, Nick"]
[Result "1/2-1/2"]
[WhiteElo "1995"]
[BlackElo "1920"]
[PlyCount "47"]
[EventDate "2018.10.22"]
[EventType "swiss"]
[EventRounds "7"]
[EventCountry "IOM"]
[SourceTitle "CBM 187 Extra"]
[Source "ChessBase"]
[SourceDate "2018.11.04"]
[SourceVersion "1"]
[SourceVersionDate "2018.11.04"]
[SourceQuality "1"]

1. e4 g6 2. d4 Bg7 3. Nc3 c6 4. h4 d5 5. e5 f6 6. exf6 Nxf6 7. Nf3 0-0 8. Bd3 Nbd7 9. Be3 Qc7 10. Qd2 e5 11. dxe5 Nxe5 12. Be2 b5 13. Nxe5 Qxe5 14. Qd4 Ng4 15. Qxe5 Nxe5 16. 0-0-0 Nc4 17. Bc5 Rf7 18. Bxc4 bxc4 19. Rhe1 Bd7 20. Re2 Re8 21. Rxe8+ Bxe8 22. Be3 Rb7 23. Bd4 Bh6+ 24. Kb1 1/2-1/2

[Event "Douglas IoM op-B"]
[Site "Douglas"]
[Date "2018.10.26"]
[Round "5"]
[White "Burrows, Nick"]
[Black "Gumireddy, Sanjay Savio"]
[Result "0-1"]
[WhiteElo "1920"]
[BlackElo "1846"]
[PlyCount "58"]
[EventDate "2018.10.22"]
[EventType "swiss"]
[EventRounds "7"]
[EventCountry "IOM"]
[SourceTitle "CBM 187 Extra"]
[Source "ChessBase"]
[SourceDate "2018.11.04"]
[SourceVersion "1"]
[SourceVersionDate "2018.11.04"]
[SourceQuality "1"]

1. d4 d5 2. c4 e6 3. Nf3 c6 4. e3 Nf6 5. Nbd2 Nbd7 6. Bd3 Be7 7. 0-0 0-0 8. b3 dxc4 9. Nxc4 c5 10. Bb2 cxd4 11. Bxd4 Nc5 12. Be2 Nd5 13. Nfe5 f6 14. Nd3 Ne4 15. Rc1 e5 16. Bb2 Be6 17. f3 Ng5 18. e4 Nb4 19. Nxb4 Bxb4 20. Kh1 b5 21. Ne3 Bd2 22. Rc6 Bxe3 23. Ba3 Qxd1 24. Rxd1 Rfd8 25. h4 Rxd1+ 26. Bxd1 Rd8 27. Be2 Bd7 28. Rd6 Nf7 29. Rd3 Bd4 0-1